Podstata a důsledky fungování vybraných nástrojů společné zemědělské politiky EU – aplikace základních modelů ekonomie

Gespeichert in:
Bibliographische Detailangaben
1. Verfasser: Nedomlelová, Iva
Format: Buchkapitel
Sprache:Tschechisch
Tags: Tag hinzufügen
Keine Tags, Fügen Sie das erste Tag hinzu!

MARC

LEADER 00000naa$a2200000$$$4500
001 0149396
005 20220725092449.3
041 0 |a cze 
044 |a CZ 
245 1 0 |a Podstata a důsledky fungování vybraných nástrojů společné zemědělské politiky EU – aplikace základních modelů ekonomie  |c Iva Nedomlelová 
100 1 |a Nedomlelová, Iva